ბათუმის შოთა რუსთაველის სახელმწიფო უნივერსიტეტის ბიბლიოთეკა

Gray's clinical neuroanatomy : (ბიბ.ჩანაწერი № 57417)

000 -LEADER
fixed length control field 00884cam a2200217 i 4500
001 - CONTROL NUMBER
control field 16974312
005 - DATE AND TIME OF LATEST TRANSACTION
control field 20221107152214.0
008 - FIXED-LENGTH DATA ELEMENTS--GENERAL INFORMATION
fixed length control field 110923s2011 paua f b 001 0 eng
020 ## - INTERNATIONAL STANDARD BOOK NUMBER
International Standard Book Number 9781416047056 X
041 ## - LANGUAGE CODE
Language code of text/sound track or separate title eng
080 ## - UNIVERSAL DECIMAL CLASSIFICATION NUMBER
Universal Decimal Classification number 611.81 G-77
245 00 - TITLE STATEMENT
Title Gray's clinical neuroanatomy :
Remainder of title the anatomic basis for clinical neuroscience /
Statement of responsibility, etc. editor, Elliott Mancall, Thomas Jefferson David G. Brock,
264 #1 - PRODUCTION, PUBLICATION, DISTRIBUTION, MANUFACTURE, AND COPYRIGHT NOTICE
Place of production, publication, distribution, manufacture Philadelphia, PA :
Name of producer, publisher, distributor, manufacturer Elsevier Saunders,
Date of production, publication, distribution, manufacture, or copyright notice 2011.
300 ## - PHYSICAL DESCRIPTION
Extent 433 pages :
Other physical details illustrations (some color) ;
Dimensions 32 cm.
653 ## - INDEX TERM--UNCONTROLLED
keyword მედიცინა
653 ## - INDEX TERM--UNCONTROLLED
keyword ადამიანის ნეიროანატომია
700 1# - ADDED ENTRY--PERSONAL NAME
Personal name Mancall, Elliott L.,
Dates associated with a name
9 (RLIN) 8505
Relator term რედაქტორი
700 1# - ADDED ENTRY--PERSONAL NAME
Personal name Brock, David G.
9 (RLIN) 8506
Relator term რედაქტორი
700 1# - ADDED ENTRY--PERSONAL NAME
Personal name Gray, Henry,
Dates associated with a name
Title of a work
9 (RLIN) 8507
Relator term რედაქტორი
942 ## - ADDED ENTRY ELEMENTS (KOHA)
Source of classification or shelving scheme
Koha item type წიგნი
ეგზემპლარები
Withdrawn status Lost status Source of classification or shelving scheme Damaged status Not for loan Permanent Location Current Location Shelving location Date acquired Cost, normal purchase price Full call number Barcode Date last seen Copy number Price effective from Koha item type Public note
          ბათუმის შოთა რუსთაველის სახელმწიფო უნივერსიტეტის მთავარი ბიბლიოთეკა ბათუმის შოთა რუსთაველის სახელმწიფო უნივერსიტეტის მთავარი ბიბლიოთეკა წიგნსაცავი 2020-06-18 234.00 611.81 G-77 60609 2020-06-18 60609 2020-06-18 წიგნი 234 gel.